20 Most Catholic U.S. States - Statistics

General Stats
  • This quiz has been taken 65 times
  • The average score is 17 of 20
Answer Stats
% State % Correct
31.0 New York
98%
28.0 California
96%
42.0 Rhode Island
96%
22.0 Vermont
96%
34.0 Massachusetts
95%
26.0 New Hampshire
93%
34.0 New Jersey
91%
23.0 Texas
91%
33.0 Connecticut
89%
28.0 Illinois
89%
24.0 Pennsylvania
89%
34.0 New Mexico
84%
22.0 Delaware
75%
22.0 Minnesota
75%
26.0 Louisiana
74%
25.0 Wisconsin
74%
25.0 Nevada
72%
26.0 North Dakota
68%
22.0 South Dakota
61%
23.0 Nebraska
54%
No matching quizzes found
Score Distribution
Percent of People with Each Score
Percentile by Number Answered
Your Score History
You have not taken this quiz